St. Anselm : (Record no. 604713)

MARC details
000 -LEADER
fixed length control field 00519nam a2200193 a 4500
008 - FIXED-LENGTH DATA ELEMENTS--GENERAL INFORMATION
fixed length control field 251224s1990##################000#0#eng##
020 ## - INTERNATIONAL STANDARD BOOK NUMBER
ISBN 9780521438186
082 04 - DEWEY DECIMAL CLASSIFICATION NUMBER
Classification number 282.092
Item number SOU
100 1# - MAIN ENTRY--AUTHOR NAME
Personal name Southern, Richard William,
245 10 - TITLE STATEMENT
Title St. Anselm :
260 ## - PUBLICATION, DISTRIBUTION, ETC. (IMPRINT)
Name of publisher Cambridge University Press,
Year of publication 1990.
300 ## - PHYSICAL DESCRIPTION
Number of Pages 530 pages
650 #0 - SUBJECT ADDED ENTRY--TOPICAL TERM
Topical Term Biography & Autobiography.
942 ## - ADDED ENTRY ELEMENTS (KOHA)
Koha item type English Books
Holdings
Withdrawn status Lost status Damaged status Not for loan Home library Current library Shelving location Date acquired Full call number Accession Number Price effective from Koha item type
        Anna Centenary Library Anna Centenary Library 3RD FLOOR, B WING 26.12.2025 282.092 SOU 236816 26.12.2025 English Books

Find us on the map